LEADER 03185cam a2200745 i 4500
001 100771
003 CZ PrNK
005 20240619171050.0
007 ta
008 231013s2023 xr acfhe 000 0acze d
015 |a cnb003564129 
020 |a 9788072529858  |q (vázáno) 
040 |a UOG001  |b cze  |d OLA001  |d ABA001  |e rda 
041 1 |a cze  |h eng 
072 7 |a 323  |x Vnitropolitický vývoj, politický život  |2 Konspekt  |9 15 
072 7 |a 929  |x Biografie  |2 Konspekt  |9 8 
080 |a (=411.16)-053.2  |2 MRF 
080 |a 323.12"1939/1945"-053.15  |2 MRF 
080 |a (=411.16)  |2 MRF 
080 |a 323.28  |2 MRF 
080 |a 323.12"1939/1945"  |2 MRF 
080 |a 343.819.5  |2 MRF 
080 |a 94(100)"1939/1945"  |2 MRF 
080 |a 929  |2 MRF 
080 |a (430)  |2 MRF 
080 |a (492)  |2 MRF 
080 |a (0:82-94)  |2 MRF 
100 1 |a Goslar, Chana,  |d 1928-2022  |7 pna20231200728  |4 aut  |9 115388 
240 1 0 |a My friend Anne Frank.  |l Česky 
245 1 0 |a Moje kamarádka Anne Franková /  |c Hannah Pick-Goslarová ve spolupráci s Dinou Kraftovou ; přeložila Jana Chaloupecká 
250 |a Vydání první 
264 1 |a Praha :  |b Práh,  |c 2023 
300 |a 358 stran, 16 stran obrazových příloh :  |b ilustrace (některé barevné), portréty, faksimile ;  |c 22 cm 
336 |a text  |b txt  |2 rdacontent 
337 |a bez média  |b n  |2 rdamedia 
338 |a svazek  |b nc  |2 rdacarrier 
500 |a Přeloženo z angličtiny 
600 1 7 |a Goslar, Chana,  |d 1928-2022  |7 pna20231200728  |2 czenas  |9 115388 
600 1 7 |a Frank, Anne,  |d 1929-1945  |7 jn20000601616  |2 czenas  |9 13453 
610 2 7 |a Bergen-Belsen (koncentrační tábor)  |7 kn20100726006  |2 czenas  |9 690 
648 7 |a 20. století  |7 ch460558  |2 czenas  |9 52888 
648 7 |a 20.-21. století  |7 ch462155  |2 czenas  |9 53009 
648 7 |a 1939-1945  |7 ch460653  |2 czenas  |9 52982 
650 0 7 |a židovské děti  |7 ph127997  |y 20. století  |z Německo  |2 czenas 
650 0 7 |a židovské děti  |7 ph127997  |y 20. století  |z Nizozemsko  |2 czenas 
650 0 7 |a přeživší holocaust  |7 ph852432  |z Německo  |2 czenas 
650 0 7 |a Židé  |7 ph127782  |x perzekuce  |y 1939-1945  |2 czenas 
650 0 7 |a holocaust (1939-1945)  |7 ph117203  |2 czenas  |9 1361 
650 0 7 |a koncentrační tábory  |7 ph121782  |y 1939-1945  |z Německo  |2 czenas 
650 0 7 |a druhá světová válka (1939-1945)  |7 ph117270  |2 czenas  |9 1065 
650 0 9 |a Jewish children  |y 20th century  |z Germany  |2 eczenas 
650 0 9 |a Jewish children  |y 20th century  |z Netherlands  |2 eczenas 
650 0 9 |a holocaust survivors  |z Germany  |2 eczenas 
650 0 9 |a Jews  |x persecutions  |y 1939-1945  |2 eczenas 
650 0 9 |a holocaust (1939-1945)  |2 eczenas 
650 0 9 |a concentration camps  |y 1939-1945  |z Germany  |2 eczenas 
650 0 9 |a World War (1939-1945)  |2 eczenas 
655 7 |a autobiografické vzpomínky  |7 fd131854  |2 czenas  |9 53458 
655 9 |a autobiographical reminiscences  |2 eczenas 
700 1 |a Kraft, Dina  |7 pna20231200692  |4 aut  |9 115389 
700 1 |a Chaloupecká, Jana,  |d 1965-  |7 xx0268753  |4 trl  |9 113009 
910 |a UOG502 
942 |2 ddc  |c KN 
999 |d 100771 
993 |0 0  |1 421180101164  |2 ddc  |4 0  |6 34_000000000000000  |7 0  |9 91404  |b 0  |c 101164  |d 2023-10-17  |e 4  |f DOSP  |g 34  |h 399.00  |i Koupě  |l DOSP  |m 2  |r 2024-03-12  |s 2024-02-28  |t 5  |w 2023-10-17  |y KN  |z NAUCNA